[Event "London Classic Open 2017"]
[Site "London ENG"]
[Date "2017.12.06"]
[Round "6.95"]
[White "Miller, Dominic"]
[Black "Ensmenger, Hugo"]
[Result "1-0"]
[WhiteElo "2018"]
[BlackElo "1829"]
[WhiteFideId "438065"]
[BlackFideId "1317407"]
[EventDate "2017.12.02"]

1. e4 d6 2. d4 Nf6 3. Nc3 Nbd7 4. Nf3 e5 5. Bc4 Be7 6. O-O c6 7. a4 a5 8. Re1
Qc7 9. b3 h6 10. Bb2 Nf8 11. Qd2 Ng6 12. g3 Bg4 13. Re3 Rd8 14. Bf1 Qb6 15. d5
Bd7 16. Rd3 O-O 17. Ba3 c5 18. Qe1 Qc7 19. Nd2 b6 20. Nc4 Rb8 21. Bc1 Qc8 22.
Bg2 Ne8 23. Ne3 Rb7 24. Qe2 Bd8 25. Bd2 Nc7 26. Rf1 b5 27. Nxb5 Nxb5 28. axb5
Bxb5 29. c4 Bd7 30. Ra1 a4 31. bxa4 f5 32. Nxf5 Bxf5 33. exf5 e4 34. Bxe4 Ne5
35. Rda3 Rb2 36. R3a2 Qb8 37. f4 Nxc4 38. Qxc4 Bf6 39. Bc3 Bxc3 1-0

[Event "London Classic Open 2017"]
[Site "London ENG"]
[Date "2017.12.06"]
[Round "6.96"]
[White "Munshi, Aditya"]
[Black "Hughes, Anthony"]
[Result "0-1"]
[BlackTitle "CM"]
[WhiteElo "2001"]
[BlackElo "1810"]
[WhiteFideId "436720"]
[BlackFideId "1803093"]
[EventDate "2017.12.02"]

1. e4 c6 2. Nc3 d5 3. Nf3 Bg4 4. h3 Bxf3 5. Qxf3 dxe4 6. Nxe4 e6 7. g3 Be7 8.
Bg2 Nf6 9. O-O O-O 10. Rd1 Qd4 11. Nxf6+ Bxf6 12. c3 Qb6 13. d4 Nd7 14. a4 a6
15. h4 Rfd8 16. Qe2 Nf8 17. Be3 Qc7 18. a5 Rd7 19. f4 Re8 20. h5 Qc8 21. b4 Bd8
22. Qc4 Bc7 23. Re1 Qd8 24. Ra2 Kh8 25. Rf2 Qe7 26. Bc1 Qf6 27. Qe2 Red8 28. Be4
Qe7 29. Qf3 Bb8 30. Bc2 Qd6 31. Bb3 Qe7 32. Kg2 Qf6 33. Bb2 Qf5 34. g4 Qf6 35.
Rh1 Qe7 36. Bc2 Qd6 37. Be4 Qe7 38. Bc1 f6 39. Re1 e5 40. dxe5 fxe5 41. f5 Ba7
42. Rff1 Rd6 43. Rd1 h6 44. Rxd6 Rxd6 45. Rd1 Nh7 46. Rxd6 Qxd6 47. Qd3 Qe7 48.
Qe2 Qh4 49. Qd1 Nf6 50. Bf3 Qf2+ 51. Kh3 e4 52. Bg2 Kh7 53. Qe2 Qg1 54. Qe3 Bxe3 0-1

[Event "London Classic Open 2017"]
[Site "London ENG"]
[Date "2017.12.06"]
[Round "6.98"]
[White "Riedener, Toni"]
[Black "Siddharth, Gopakumar"]
[Result "1-0"]
[WhiteElo "1989"]
[BlackElo "1808"]
[WhiteFideId "1302698"]
[BlackFideId "5053463"]
[EventDate "2017.12.02"]

1. d4 Nf6 2. c4 c5 3. d5 e6 4. Nc3 exd5 5. cxd5 d6 6. e4 g6 7. f4 Bg7 8. e5 Nfd7
9. Nb5 dxe5 10. Nd6+ Ke7 11. Nxc8+ Qxc8 12. Nf3 Rd8 13. f5 gxf5 14. Nh4 Nf6 15.
Bg5 h6 16. Qh5 Rd6 17. Bd3 e4 18. O-O Kf8 19. Bxf6 Rxf6 20. Nxf5 Qd7 21. Nxg7
Rxf1+ 22. Rxf1 Kxg7 23. Qe5+ Kg8 24. Qxe4 Na6 25. Qh7+ Kf8 26. Qh8+ 1-0

[Event "London Classic Open 2017"]
[Site "London ENG"]
[Date "2017.12.06"]
[Round "6.99"]
[White "Espinosa Cancino, Monica"]
[Black "Skutta, Bernd"]
[Result "1/2-1/2"]
[WhiteElo "1721"]
[BlackElo "1988"]
[WhiteFideId "22253025"]
[BlackFideId "4666950"]
[EventDate "2017.12.02"]

1. d4 d6 2. Nf3 f5 3. g3 Nf6 4. Bg2 g6 5. O-O Bg7 6. c4 O-O 7. Nc3 Qe8 8. Be3
Nc6 9. Qc1 Ng4 10. Nd5 Nxe3 11. Qxe3 Qd8 12. Rfd1 e6 13. Nf4 Re8 14. c5 Bd7 15.
Rab1 Kh8 16. Qc1 d5 17. e3 g5 18. Nd3 Rf8 19. Nfe5 Nxe5 20. Nxe5 Bxe5 21. dxe5
Qe7 22. b4 Ba4 23. Re1 h5 24. Qd2 Be8 25. Qd4 Kg7 26. Rb2 Rh8 27. h4 Bb5 28. Kh2
Raf8 29. Kh3 Rf7 30. Rg1 f4 31. exf4 gxf4 32. gxf4 Kf8 33. Bf3 Ke8 34. Rg5 Kd8
35. Rb1 Rhf8 36. Bxh5 Rxf4 37. Qe3 Rxf2 38. Rbg1 Bf1+ 39. Kg3 Qh7 40. Bg4 Qc2
41. h5 Rg2+ 42. Kh4 Rh2+ 43. Kg3 Rh1 44. Rxh1 Qg2+ 45. Kh4 Qxh1+ 46. Kg3 Qg2+
47. Kh4 Qh1+ 48. Kg3 Qg2+ 49. Kh4 Qh1+ 50. Kg3 1/2-1/2

[Event "London Classic Open 2017"]
[Site "London ENG"]
[Date "2017.12.06"]
[Round "6.100"]
[White "Boger, Raymond"]
[Black "Neatherway, A Philip"]
[Result "1/2-1/2"]
[WhiteElo "1986"]
[BlackElo "1806"]
[WhiteFideId "1507419"]
[BlackFideId "418854"]
[EventDate "2017.12.02"]

1. c4 e5 2. g3 Nf6 3. Bg2 Nc6 4. Nc3 Bc5 5. e3 O-O 6. Nge2 Re8 7. O-O d6 8. d4
Bb6 9. d5 Ne7 10. e4 a6 11. Bg5 Ng6 12. Qd2 h6 13. Be3 Bxe3 14. Qxe3 Ng4 15. Qd2
Qg5 16. f4 exf4 17. gxf4 Qh4 18. h3 Nf6 19. Qe3 Bd7 20. Qg3 Re7 21. Rae1 Rae8
22. Qxh4 Nxh4 23. Ng3 Nxg2 24. Kxg2 b5 25. cxb5 axb5 26. b4 Nxe4 27. Ncxe4 f5
28. Nxd6 Rxe1 29. Nxe8 Rxf1 30. Kxf1 Bxe8 31. Ke2 Bd7 32. h4 Kf7 33. Kd3 Kf6 34.
Kd4 g5 35. hxg5+ hxg5 36. fxg5+ Kxg5 37. Ke5 Kg4 38. Ne2 Kg5 39. Nf4 Kg4 40. Ne6
Bc8 41. a3 Bd7 42. Nc5 Bc8 43. Nd3 Kf3 44. Ne1+ Ke3 45. Nc2+ Kd3 46. Ne1+ Kc4
47. d6 cxd6+ 48. Kxd6 Kb3 49. Kc5 Bd7 50. Kd4 f4 51. Nd3 Kxa3 52. Nxf4 Kxb4 53.
Nd3+ Ka5 54. Kc3 Bf5 55. Nb4 Ka4 56. Na6 Ka3 57. Nb4 Be4 58. Na6 1/2-1/2

[Event "London Classic Open 2017"]
[Site "London ENG"]
[Date "2017.12.06"]
[Round "6.101"]
[White "Gu, In Jung"]
[Black "Burke, John S"]
[Result "1/2-1/2"]
[WhiteElo "1664"]
[BlackElo "1978"]
[WhiteFideId "13200232"]
[BlackFideId "404322"]
[EventDate "2017.12.02"]

1. e4 d5 2. exd5 Qxd5 3. Nc3 Qd8 4. d4 c6 5. Bc4 Bf5 6. Nf3 e6 7. a3 Nf6 8. O-O
Be7 9. h3 Nbd7 10. Re1 O-O 11. Nh4 Bg6 12. Nxg6 hxg6 13. Ba2 Bd6 14. Bg5 Qa5 15.
Qd2 Rad8 16. Ne4 Qxd2 17. Nxd2 Rfe8 18. Rad1 Be7 19. Nc4 Nf8 20. Ne5 N8h7 21.
Bc1 Nf8 22. Bg5 N8h7 23. Bc1 Nf8 24. Bg5 1/2-1/2

[Event "London Classic Open 2017"]
[Site "London ENG"]
[Date "2017.12.06"]
[Round "6.102"]
[White "Sheedy, Shane"]
[Black "Rice, Chris B"]
[Result "0-1"]
[WhiteElo "1620"]
[BlackElo "1969"]
[WhiteFideId "2507536"]
[BlackFideId "404446"]
[EventDate "2017.12.02"]

1. e4 d5 2. d4 e6 3. Nd2 Nf6 4. e5 Nfd7 5. Bd3 c5 6. c3 Nc6 7. Ne2 cxd4 8. cxd4
f6 9. exf6 Nxf6 10. Nc3 Nxd4 11. Nf3 Nxf3+ 12. Qxf3 Bd6 13. Bg5 O-O 14. Rd1 a6
15. Bc2 Qe8 16. Qd3 Qh5 17. Bxf6 Rxf6 18. Rd2 Bc7 19. g4 Qxg4 20. Qxh7+ Kf7 21.
Bd1 Qg5 22. Bh5+ Ke7 23. Qh8 Rf8 24. Qh7 Bd7 25. Bd1 Rf5 26. Bc2 Re5+ 27. Kd1
Qh5+ 28. Qxh5 Rxh5 29. Re1 Re5 30. Rg1 g5 31. h4 gxh4 32. Rg7+ Kd6 33. Ne4+ Kc6
34. Nf6 Be8 35. Rh7 Ba5 36. Rh8 Bxd2 37. Kxd2 Rg5 38. f4 Rg2+ 39. Kc1 Rxc2+ 0-1

[Event "London Classic Open 2017"]
[Site "London ENG"]
[Date "2017.12.06"]
[Round "6.103"]
[White "Edwards, Simon R"]
[Black "Jain, Gautam"]
[Result "0-1"]
[WhiteElo "1966"]
[BlackElo "1804"]
[WhiteFideId "406821"]
[BlackFideId "425311"]
[EventDate "2017.12.02"]

1. Nf3 Nf6 2. g3 g6 3. Bg2 Bg7 4. O-O d6 5. d4 O-O 6. c4 Nbd7 7. Nc3 e5 8. e3 c6
9. b3 Qa5 10. Bb2 e4 11. Ne1 d5 12. Qd2 Qa6 13. cxd5 cxd5 14. Nc2 Qe6 15. Nb4
Rb8 16. a4 Rd8 17. Rfc1 a5 18. Nba2 Ne8 19. Nb5 b6 20. Ba3 Ba6 21. Na7 Bb7 22.
Nc3 Bf8 23. Bxf8 Nxf8 24. Ncb5 Qd7 25. b4 axb4 26. Qxb4 Ne6 27. a5 bxa5 28. Qxa5
Ng5 29. Nc7 Nf3+ 30. Bxf3 exf3 0-1

[Event "London Classic Open 2017"]
[Site "London ENG"]
[Date "2017.12.06"]
[Round "6.104"]
[White "Rogacewicz, Mikolaj"]
[Black "Jekel, Wolfgang"]
[Result "0-1"]
[WhiteElo "1961"]
[BlackElo "1787"]
[WhiteFideId "21842981"]
[BlackFideId "4690370"]
[EventDate "2017.12.02"]

1. d4 d5 2. c4 Nc6 3. Nc3 Nf6 4. cxd5 Nxd5 5. Nf3 Bg4 6. e4 Nxc3 7. bxc3 e5 8.
d5 Nb8 9. Qa4+ Bd7 10. Qb3 b6 11. Nxe5 Qe7 12. Nf3 Qxe4+ 13. Be2 Bd6 14. O-O O-O
15. Re1 Qg6 16. c4 Na6 17. Be3 Nc5 18. Bxc5 Bxc5 19. Ne5 Qd6 20. Nxd7 Qxd7 21.
Qg3 Bd6 22. Qh4 Rfe8 23. g3 Re5 24. Bd3 Rxe1+ 25. Rxe1 g6 26. Qe4 Kf8 27. Qd4
Kg8 28. Qe3 Kf8 29. Qh6+ Kg8 30. Re4 Re8 31. Rh4 f5 32. g4 Bf8 33. Qd2 Qe7 34.
Rh3 Qe1+ 35. Qxe1 Rxe1+ 36. Kg2 fxg4 37. Re3 Ra1 38. Re2 Bd6 39. Be4 Rc1 40. Bc2
Kf7 41. Bb3 h5 42. h3 gxh3+ 43. Kxh3 Rg1 44. Ba4 Kf6 45. Re6+ Kf5 46. Bc2+ Kf4
47. Bxg6 Kg5 48. Bc2 Rc1 49. Bb3 a5 50. Re2 Kf4 51. Rd2 Bb4 52. Rd1 Rc3+ 53. Kh4
Kf5 54. Rh1 Kg6 55. Rg1+ Kh6 56. Rg3 Rc1 57. Kh3 Bd6 58. Rf3 Kg5 59. Rf7 Rh1+
60. Kg2 Rh2+ 61. Kg1 h4 62. Bc2 Rh3 63. f3 Rh2 64. Rg7+ Kf6 65. Rg6+ Ke7 66.
Re6+ Kf7 67. Bg6+ Kg7 68. Rxd6 cxd6 69. Kxh2 Kxg6 70. Kh3 Kg5 71. f4+ Kxf4 72.
Kxh4 Ke4 73. Kg4 Kd4 74. Kf5 Kxc4 75. Ke6 Kc5 76. a4 b5 77. axb5 a4 78. b6 Kxb6
79. Kxd6 a3 80. Ke7 a2 81. d6 a1=Q 82. d7 Qe5+ 83. Kd8 Kc6 0-1

[Event "London Classic Open 2017"]
[Site "London ENG"]
[Date "2017.12.06"]
[Round "6.105"]
[White "Mc Aleenan, Charles"]
[Black "Coote, Trevor D"]
[Result "0-1"]
[WhiteElo "1762"]
[BlackElo "2104"]
[WhiteFideId "2461617"]
[BlackFideId "410039"]
[EventDate "2017.12.02"]

1. d4 Nf6 2. Nc3 d5 3. Bf4 c5 4. e3 Nc6 5. Nb5 Qa5+ 6. c3 cxd4 7. exd4 Ne4 8.
Nc7+ Kd8 9. Nxa8 e5 10. Bd2 exd4 11. Nf3 dxc3 12. bxc3 Nxc3 13. Bxc3 Qxc3+ 14.
Nd2 Bb4 15. Be2 Re8 16. O-O Qxd2 17. Bf3 Qxd1 18. Raxd1 Be6 19. Bxd5 Bxd5 20.
Rxd5+ Kc8 21. Rfd1 Re1+ 22. Rxe1 Bxe1 23. Rd3 Bb4 24. Re3 Be7 25. Rb3 Kb8 26.
Nb6 axb6 27. Rxb6 Nd4 28. Kf1 Kc7 29. Rb2 b5 30. Ke1 Bb4+ 31. Kd1 Bc3 32. Rb1 b4
33. Rc1 Kb6 0-1

[Event "London Classic Open 2017"]
[Site "London ENG"]
[Date "2017.12.06"]
[Round "6.106"]
[White "Selkirk, Rebecca"]
[Black "Campos Chacon, Marco"]
[Result "1/2-1/2"]
[WhiteElo "1747"]
[BlackElo "2040"]
[WhiteFideId "14306514"]
[BlackFideId "32029217"]
[EventDate "2017.12.02"]

1. e4 d5 2. exd5 Nf6 3. Nf3 Bg4 4. Be2 Qxd5 5. Nc3 Qh5 6. d3 Nc6 7. h3 e6 8. O-O
Bd6 9. Ng5 Bxe2 10. Qxe2 Qxe2 11. Nxe2 Nb4 12. Bd2 h6 13. Ne4 Nxe4 14. dxe4 Rd8
15. Rfd1 Nxc2 16. Rac1 Nb4 17. e5 Bxe5 18. Bxb4 Bxb2 19. Rb1 Rxd1+ 20. Rxd1 b6
21. Nd4 Bxd4 22. Rxd4 c5 23. Rc4 Kd7 1/2-1/2

[Event "London Classic Open 2017"]
[Site "London ENG"]
[Date "2017.12.06"]
[Round "6.107"]
[White "Solli, Oddvar"]
[Black "Pollack, Oscar"]
[Result "0-1"]
[WhiteElo "1784"]
[BlackElo "2014"]
[WhiteFideId "1501208"]
[BlackFideId "429414"]
[EventDate "2017.12.02"]

1. Nf3 Nf6 2. c4 g6 3. g3 Bg7 4. Bg2 O-O 5. O-O d6 6. Nc3 e5 7. d3 Nc6 8. Rb1 h6
9. b4 a6 10. a4 Nh7 11. Bd2 f5 12. b5 axb5 13. axb5 Ne7 14. Qb3 Be6 15. Ne1 Rb8
16. Nc2 f4 17. Nb4 Ng5 18. Nbd5 Nf5 19. gxf4 Nd4 20. Qd1 Nh3+ 21. Kh1 exf4 22.
e3 fxe3 23. fxe3 Nf2+ 24. Rxf2 Rxf2 25. exd4 Bxd4 26. Be3 Rxg2 27. Bxd4 Rxh2+
28. Kxh2 Qh4+ 29. Kg2 Bh3+ 30. Kg1 Qg3+ 0-1

[Event "London Classic Open 2017"]
[Site "London ENG"]
[Date "2017.12.06"]
[Round "6.108"]
[White "Ditmas, Hugh"]
[Black "Tombolis, Christopher"]
[Result "1/2-1/2"]
[WhiteElo "2004"]
[BlackElo "1799"]
[WhiteFideId "1270666"]
[BlackFideId "433691"]
[EventDate "2017.12.02"]

1. d4 d5 2. c4 e6 3. Nf3 Nf6 4. Nc3 Be7 5. Bg5 O-O 6. e3 h6 7. Bh4 c5 8. dxc5
dxc4 9. Bxc4 Bxc5 10. O-O g5 11. Bg3 Qe7 12. Qe2 a6 13. a3 b5 14. Ba2 Bb7 15. b4
Bd6 16. Bxd6 Qxd6 17. Rfd1 Qe7 18. Rac1 Nbd7 19. h3 Rac8 20. Bb1 Nb6 21. Ne5 Nc4
22. Nxc4 Rxc4 23. Qd2 Rfc8 24. Ne2 Ne4 25. Bxe4 Bxe4 26. Rxc4 Rxc4 27. Qd8+ Qxd8
28. Rxd8+ Kg7 29. Rd6 Rc2 30. Nd4 Rc1+ 31. Kh2 Ra1 32. Rxa6 Ra2 33. f3 Bd3 34.
Ra5 Bf1 35. Nxb5 Rxg2+ 36. Kh1 Rg3 37. Nd4 h5 38. Rc5 h4 39. Rc2 Bxh3 40. Kh2
Bf5 41. Nxf5+ exf5 42. Rf2 g4 43. fxg4 Rxe3 44. gxf5 Rxa3 45. Rb2 Kf6 46. b5
Kxf5 47. b6 Ra8 48. Kh3 Kg5 49. Rb5+ f5 50. Rb4 Rb8 51. b7 Kf6 52. Kxh4 Ke7 53.
Kg5 Kd7 54. Kxf5 Kc7 55. Ke6 Rxb7 56. Rc4+ Kb8 1/2-1/2

[Event "London Classic Open 2017"]
[Site "London ENG"]
[Date "2017.12.06"]
[Round "6.109"]
[White "Mohnblatt, Daniel"]
[Black "Vachtfeidl, Petr"]
[Result "1/2-1/2"]
[WhiteElo "1734"]
[BlackElo "1934"]
[WhiteFideId "648582"]
[BlackFideId "315028"]
[EventDate "2017.12.02"]

1. d4 Nf6 2. Nf3 g6 3. c4 Bg7 4. e3 O-O 5. Be2 d5 6. cxd5 Nxd5 7. O-O c5 8. dxc5
Na6 9. Bxa6 bxa6 10. e4 Nb4 11. Nc3 Nd3 12. Qc2 Nxc5 13. Be3 Qd3 14. Rac1 Qxc2
15. Rxc2 1/2-1/2

[Event "London Classic Open 2017"]
[Site "London ENG"]
[Date "2017.12.06"]
[Round "6.110"]
[White "Iraqui, Youssef"]
[Black "Dunn, Maxim"]
[Result "1-0"]
[WhiteElo "1932"]
[BlackElo "1757"]
[WhiteFideId "9000666"]
[BlackFideId "456551"]
[EventDate "2017.12.02"]

1. e4 Nf6 2. e5 Nd5 3. d4 d6 4. c4 Nb6 5. exd6 cxd6 6. Nc3 Nc6 7. Be3 g6 8. Rc1
Bg7 9. b3 O-O 10. d5 Ne5 11. Be2 Bf5 12. f4 Ned7 13. g4 Bxc3+ 14. Rxc3 Be4 15.
Nf3 e6 16. dxe6 fxe6 17. Qxd6 Qf6 18. Qd2 e5 19. O-O Rad8 20. Qe1 exf4 21. Bd4
Qe7 22. Qf2 Qa3 23. Ng5 Qe7 24. Nxe4 Qxe4 25. Bf3 Qe6 26. Re1 Qd6 27. c5 1-0

[Event "London Classic Open 2017"]
[Site "London ENG"]
[Date "2017.12.06"]
[Round "6.111"]
[White "Shepherd, Katherine M"]
[Black "Dias, Savin"]
[Result "1/2-1/2"]
[WhiteElo "1929"]
[BlackElo "1723"]
[WhiteFideId "412031"]
[BlackFideId "442399"]
[EventDate "2017.12.02"]

1. d4 Nf6 2. Nf3 e6 3. c4 Bb4+ 4. Bd2 a5 5. g3 b6 6. Bg2 Bb7 7. O-O O-O 8. Bf4
Nh5 9. Bg5 Nf6 10. Nbd2 h6 11. Bxf6 Qxf6 12. a3 Bxd2 13. Qxd2 d5 14. Ne5 Rd8 15.
b4 Nd7 16. f4 Nxe5 17. fxe5 Qe7 18. c5 axb4 19. axb4 bxc5 20. bxc5 Bc6 21. Rfb1
Qe8 22. Rxa8 Rxa8 23. Rb4 Rb8 24. e3 Rxb4 25. Qxb4 Qa8 26. Bf1 Qb7 27. Qxb7 Bxb7
28. Kf2 f6 29. exf6 gxf6 30. Ke1 Kf7 31. Kd2 e5 32. Kc3 Ke6 1/2-1/2

[Event "London Classic Open 2017"]
[Site "London ENG"]
[Date "2017.12.06"]
[Round "6.112"]
[White "Cotter, Len"]
[Black "McKerracher, Douglas"]
[Result "0-1"]
[WhiteElo "1700"]
[BlackElo "1915"]
[WhiteFideId "431419"]
[BlackFideId "2401002"]
[EventDate "2017.12.02"]

1. d4 f5 2. Bg5 Nf6 3. Bxf6 exf6 4. e3 d5 5. Bd3 Be6 6. Ne2 Qd7 7. Nbc3 c6 8.
Nf4 Bf7 9. Qe2 Bd6 10. O-O-O Na6 11. a3 Nc7 12. Rhg1 b5 13. g4 fxg4 14. Qxg4
Qxg4 15. Rxg4 g5 16. Nfe2 h5 17. Rg2 a5 18. e4 b4 19. Nb1 bxa3 20. Nxa3 Rb8 21.
Ng3 h4 22. Nf5 Bf4+ 23. Kb1 h3 24. Rg3 Bxg3 25. fxg3 Kd7 26. c4 dxe4 27. Bxe4
Rhe8 28. Bf3 Bg6 29. Bg4 Kd8 30. Bxh3 Re2 31. Nc2 Rxh2 32. Bg4 Rg2 33. d5 cxd5
34. Bf3 Rf2 35. Bxd5 Bxf5 0-1

[Event "London Classic Open 2017"]
[Site "London ENG"]
[Date "2017.12.06"]
[Round "6.113"]
[White "Chidi, Lovinia Sylvia"]
[Black "Phillips, Owen S"]
[Result "0-1"]
[WhiteElo "1676"]
[BlackElo "1912"]
[WhiteFideId "1270574"]
[BlackFideId "417882"]
[EventDate "2017.12.02"]

1. d4 d6 2. c4 g6 3. Nf3 Bg7 4. Nc3 c6 5. e4 Na6 6. Be3 Nf6 7. h3 O-O 8. Be2 Nc7
9. Qd2 Re8 10. O-O Rb8 11. Rfd1 a6 12. Rac1 b5 13. b3 b4 14. Na4 Nxe4 15. Qe1
Na8 16. Nd2 Nf6 17. Qf1 a5 18. Bf3 Qc7 19. Bf4 e5 20. Bg3 e4 21. Be2 Bf8 22. c5
Bf5 23. Nc4 Rbd8 24. Nxd6 Rxd6 25. cxd6 Bxd6 26. Bxd6 Qxd6 27. Nc5 Nd5 28. g3
Nc3 29. g4 Bc8 30. Bc4 Nxd1 31. Rxd1 Nb6 32. Qe2 Qf4 33. Qe3 Qxe3 34. fxe3 Nd5
35. Rf1 Kg7 36. Bxd5 cxd5 37. Kg2 f5 38. Kg3 Rf8 39. g5 h6 40. h4 Rh8 41. Rc1
hxg5 42. hxg5 Rh5 43. Nxe4 fxe4 44. Rxc8 Rxg5+ 45. Kf2 Rf5+ 46. Kg2 Rf3 47. Rc5
Rxe3 48. Rxa5 Re2+ 49. Kf1 Rd2 50. Rxd5 Rxa2 51. Rb5 Kf6 52. Rxb4 Kf5 53. Rb8
Kf4 54. Rf8+ Ke3 55. d5 Ra1+ 56. Kg2 Rd1 57. Rf6 Rxd5 58. Rxg6 Ke2 59. b4 e3 60.
Ra6 Rg5+ 61. Kh2 Kf2 62. Rf6+ Ke1 0-1

[Event "London Classic Open 2017"]
[Site "London ENG"]
[Date "2017.12.06"]
[Round "6.114"]
[White "Lovell, William Pm"]
[Black "Kim, Changhoon"]
[Result "0-1"]
[BlackTitle "CM"]
[WhiteElo "1688"]
[BlackElo "1859"]
[WhiteFideId "431060"]
[BlackFideId "34117234"]
[EventDate "2017.12.02"]

1. d4 Nf6 2. Nc3 d5 3. Bf4 c6 4. e3 Qb6 5. Rb1 g6 6. Be2 Bg7 7. Nf3 O-O 8. Ne5
Nbd7 9. h4 Nxe5 10. Bxe5 Be6 11. g4 Ne4 12. Bxg7 Kxg7 13. Qd3 f5 14. g5 Rad8 15.
f4 Rh8 16. Nxe4 fxe4 17. Qd2 h6 18. gxh6+ Rxh6 19. Kf1 Rdh8 20. Qe1 Qd8 21. Qg3
Qf8 22. Kg2 Qf6 23. h5 Kf7 24. Qg5 gxh5 25. Qxf6+ exf6 26. Rh4 Bg4 27. Kf2 Bxe2
28. Kxe2 Rg8 29. Rbh1 Rg2+ 30. Kd1 Kg6 31. b4 Rg4 32. R4h3 h4 33. R3h2 Kh5 34.
Rh3 Rhg6 35. Kd2 Rg2+ 36. Kc3 R6g4 37. a4 R2g3 38. Rxg3 Rxg3 39. Kd2 Kg4 40. Ke2
h3 0-1

[Event "London Classic Open 2017"]
[Site "London ENG"]
[Date "2017.12.06"]
[Round "6.115"]
[White "Nyenhuis, Yannek"]
[Black "Zhao, Haolin"]
[Result "1/2-1/2"]
[WhiteElo "1847"]
[BlackElo "1715"]
[WhiteFideId "16231538"]
[BlackFideId "428680"]
[EventDate "2017.12.02"]

1. d4 Nf6 2. Bf4 e6 3. Nf3 c5 4. e3 Nc6 5. c3 b6 6. Nbd2 cxd4 7. cxd4 Bb7 8. a3
Be7 9. h3 Rc8 10. Bd3 d6 11. Qa4 O-O 12. Bb5 a5 13. Rc1 Nxd4 14. O-O Nxb5 15.
Qxb5 Bxf3 16. Nxf3 Rc5 17. Qe2 Qc8 18. Rcd1 d5 19. Nd4 Nd7 20. Qg4 Nf6 21. Qe2
Rd8 22. Qf3 Ne4 23. Qg4 Nf6 24. Qf3 Rc4 25. Rfe1 Qd7 26. Qe2 Rdc8 27. Qf3 b5 28.
Ra1 a4 29. Qe2 h6 30. Red1 R8c5 31. Nf3 Rc2 32. Rd2 Qc8 33. Rxc2 Rxc2 34. Qxb5 1/2-1/2

[Event "London Classic Open 2017"]
[Site "London ENG"]
[Date "2017.12.06"]
[Round "6.116"]
[White "Siddharth, Sabharishankar"]
[Black "Haynes, Noah"]
[Result "1-0"]
[WhiteElo "1837"]
[BlackElo "1535"]
[WhiteFideId "25068563"]
[BlackFideId "1543172"]
[EventDate "2017.12.02"]

1. e4 c5 2. Nf3 d6 3. d4 cxd4 4. Nxd4 Nf6 5. Nc3 g6 6. Be3 Bg7 7. f3 O-O 8. Qd2
Nc6 9. Bc4 Bd7 10. O-O-O Rb8 11. h4 Na5 12. Bb3 b5 13. Kb1 Nc4 14. Bxc4 bxc4 15.
Ka1 Qa5 16. h5 Nxh5 17. g4 Nf6 18. Bh6 Bxh6 19. Qxh6 Rxb2 20. Kxb2 Rb8+ 21. Nb3
cxb3 22. cxb3 Rc8 23. Nd5 1-0

[Event "London Classic Open 2017"]
[Site "London ENG"]
[Date "2017.12.06"]
[Round "6.117"]
[White "De Lagontrie, Jean"]
[Black "Chatterjee, Sagnik"]
[Result "0-1"]
[WhiteElo "1823"]
[BlackElo "1336"]
[WhiteFideId "605271"]
[BlackFideId "64300455"]
[EventDate "2017.12.02"]

1. d4 Nf6 2. c4 c5 3. d5 b5 4. Nf3 d6 5. cxb5 a6 6. Nc3 Nbd7 7. e4 g6 8. a4 Bg7
9. Ra3 O-O 10. h3 axb5 11. Bxb5 Ba6 12. Bxa6 Rxa6 13. Qe2 Qa8 14. O-O Rb8 15.
Nd2 Nb6 16. b3 Nfd7 17. Nb5 Qb7 18. Nc4 Nxc4 19. bxc4 Nb6 20. Qc2 Rba8 21. Rb3
Rxa4 22. Na3 Qa6 23. Re1 Nxc4 24. Nxc4 Qxc4 25. Qb1 Rb4 26. Rxb4 Qxb4 27. Qxb4
cxb4 28. Bd2 b3 29. Bc1 Ra1 30. Rf1 b2 31. Bxb2 Rxf1+ 32. Kxf1 Bxb2 33. Ke2 Kg7
34. f4 Kf6 35. Ke3 e5 36. g3 h5 37. Kf3 Bd4 38. g4 exf4 39. Kxf4 g5+ 40. Kg3 h4+
41. Kg2 Ke5 42. Kf3 f6 0-1

[Event "London Classic Open 2017"]
[Site "London ENG"]
[Date "2017.12.06"]
[Round "6.118"]
[White "Lee, Kyung Chan"]
[Black "Crismann, Alessandro Claudio"]
[Result "0-1"]
[BlackTitle "FM"]
[WhiteElo "1552"]
[BlackElo "1821"]
[WhiteFideId "13205048"]
[BlackFideId "14302870"]
[EventDate "2017.12.02"]

1. e4 c5 2. d4 cxd4 3. c3 dxc3 4. Nxc3 Nc6 5. Nf3 g6 6. Bc4 Bg7 7. e5 Nh6 8. O-O
O-O 9. Qe2 a6 10. Rd1 Qa5 11. Bf4 e6 12. a3 Ng4 13. b4 Qc7 14. Rac1 Ngxe5 15.
Nxe5 Bxe5 16. Bxe5 Qxe5 17. Qxe5 Nxe5 18. Bb3 d5 19. f4 Nc6 20. Na4 Rd8 21. Nb6
Rb8 22. Ba4 Rd6 23. Rc2 Na7 24. Nc4 Bd7 25. b5 Bxb5 26. Bxb5 Rdd8 27. Ne5 Nxb5
28. a4 Nd6 29. Ng4 Kg7 30. h4 Rdc8 31. Re2 Rc4 32. h5 gxh5 33. Ne5 Rxf4 34. Rd3
Nf5 35. Rc3 Kg8 36. g3 Rxa4 37. Rf3 Re4 0-1

[Event "London Classic Open 2017"]
[Site "London ENG"]
[Date "2017.12.06"]
[Round "6.119"]
[White "Cheung, Ryan"]
[Black "Sarvesh, Kumar A"]
[Result "0-1"]
[WhiteElo "1610"]
[BlackElo "1877"]
[WhiteFideId "1804995"]
[BlackFideId "35019236"]
[EventDate "2017.12.02"]

1. e4 e5 2. Nf3 Nc6 3. Bb5 a6 4. Ba4 Nf6 5. d3 b5 6. Bb3 Be7 7. O-O O-O 8. Re1
d6 9. c3 Na5 10. Bc2 c5 11. Nbd2 Re8 12. Nf1 Bf8 13. a4 Be6 14. Ng3 h6 15. d4
Qc7 16. Qe2 c4 17. h3 Reb8 18. Be3 b4 19. d5 Bd7 20. Reb1 b3 21. Bd1 g6 22. Qd2
Kh7 23. Be2 Bg7 24. Rf1 Rf8 25. Qd1 Nxe4 26. Nxe4 f5 27. Nxd6 Qxd6 28. Bc1 Rac8
29. Qd2 e4 30. Nd4 Qxd5 31. Nxb3 Qxd2 32. Nxd2 Be6 33. Rd1 Rfd8 34. Nf1 Nb3 35.
Rb1 Rxd1 36. Bxd1 Na5 37. Be3 Rb8 38. Bc2 Be5 39. Bc5 Kg7 40. Ba3 Kf7 41. Rd1
Nc6 42. Ne3 Bf6 43. Rd6 Rc8 44. Kf1 Be7 45. Rd1 Rb8 46. Bxe7 Kxe7 47. Rb1 Ne5
48. Ke2 f4 49. Nf1 f3+ 50. gxf3 exf3+ 51. Ke3 Bxh3 52. Nd2 Bg2 53. Kf4 Ke6 54.
Ne4 g5+ 55. Ke3 Ke7 56. Kd4 Nf7 57. Kxc4 Nd6+ 58. Kd5 Nxe4 59. Kxe4 Kf6 60. b4
h5 61. Rd1 Re8+ 62. Kd3 h4 63. b5 axb5 64. axb5 h3 65. c4 Rd8+ 66. Ke4 Rxd1 67.
Bxd1 h2 68. b6 h1=Q 69. Ba4 Qb1+ 0-1